Ciudades de Eurocopa 2000 - Estadísticas

Estadísticas generales
  • Esta prueba ha sido intentada 24 veces
  • La puntuación promedio es 4 de 8
Estadísticas de respuestas
Imagen Respuesta % Correcto
Bruselas
96%
Ámsterdam
87%
Brujas
65%
Róterdam
61%
Eindhoven
52%
Lieja
39%
Charleroi
22%
Arnhem
4%
No se encontraron pruebas coincidentes
Distribución de puntuación
Porcentaje de gente con cada puntuación
Porcentaje por número respondido
Historial de tus puntuaciones
No has intentado esta prueba.